[Event "GER-ch Net blitz qual2"]
[Site "Playchess.com INT"]
[Date "2021.05.04"]
[Round "1"]
[White "Carow, Johannes"]
[Black "Seitz, Manuel"]
[Result "1-0"]
[WhiteElo "2353"]
[BlackElo "1752"]
[PlyCount "53"]
[EventDate "2021.05.04"]
[EventType "swiss (blitz)"]
[EventRounds "11"]
[EventCountry "GER"]
[SourceTitle "CBM 202 Extra"]
[Source "ChessBase"]
[SourceDate "2021.07.31"]
[SourceVersion "1"]
[SourceVersionDate "2021.07.31"]
[SourceQuality "1"]

1. d4 Nf6 2. c4 g6 3. Nc3 Bg7 4. e4 d6 5. Nf3 0-0 6. h3 e5 7. d5 c6 8. g4 cxd5 9. cxd5 Nbd7 10. Bg5 Nc5 11. b4 Ncd7 12. Nd2 Qc7 13. Rc1 Qb6 14. a3 a5 15. Nc4 Qc7 16. Nb5 Qb8 17. Ncxd6 Nxe4 18. Nxe4 axb4 19. axb4 Nb6 20. Be7 Re8 21. Bd6 Qxd6 22. Nexd6 Rd8 23. Nxc8 Raxc8 24. Rxc8 Nxc8 25. Bc4 Nd6 26. Nxd6 Rxd6 27. 0-0 1-0

[Event "GER-ch Net blitz qual2"]
[Site "Playchess.com INT"]
[Date "2021.05.04"]
[Round "11"]
[White "Eilers, Stefan"]
[Black "Carow, Johannes"]
[Result "0-1"]
[WhiteElo "2255"]
[BlackElo "2353"]
[PlyCount "82"]
[EventDate "2021.05.04"]
[EventType "swiss (blitz)"]
[EventRounds "11"]
[EventCountry "GER"]
[SourceTitle "CBM 202 Extra"]
[Source "ChessBase"]
[SourceDate "2021.07.31"]
[SourceVersion "1"]
[SourceVersionDate "2021.07.31"]
[SourceQuality "1"]

1. d4 Nf6 2. Nc3 d5 3. Bf4 c5 4. e3 cxd4 5. exd4 a6 6. Nf3 Bg4 7. h3 Bxf3 8. Qxf3 Nc6 9. 0-0-0 e6 10. Kb1 Rc8 11. Ne2 Qb6 12. Qb3 Qa7 13. f3 b5 14. g4 Be7 15. h4 Nd7 16. Be3 Nb6 17. Nc1 Nc4 18. h5 Bf6 19. Qd3 Nb4 20. Qc3 0-0 21. Qxb4 Nxe3 22. Rd2 Nxf1 23. Rxf1 Rc4 24. Qd6 Rxd4 25. Rxd4 Qxd4 26. Nd3 Qa7 27. f4 Rc8 28. g5 Be7 29. Qe5 Qc7 30. Qe2 g6 31. hxg6 hxg6 32. Rh1 Bf8 33. Ne5 Bg7 34. Ng4 Qxf4 35. Nh6+ Bxh6 36. gxh6 Qe4 37. Qh2 Kh7 38. Rf1 f5 39. Qd6 Qxc2+ 40. Ka1 Qc1+ 41. Rxc1 Rxc1# 0-1

[Event "GER-chT Online Liga 1 GpB"]
[Site "Playchess.com INT"]
[Date "2021.03.17"]
[Round "6.1"]
[White "Renner, Kai"]
[Black "Carow, Johannes"]
[Result "0-1"]
[WhiteElo "2185"]
[BlackElo "2446"]
[PlyCount "70"]
[EventDate "2021.01.18"]
[EventType "team-tourn (rapid)"]
[EventRounds "7"]
[EventCountry "GER"]
[SourceTitle "EXT 2022"]
[Source "ChessBase"]
[SourceDate "2021.10.06"]
[SourceVersion "1"]
[SourceVersionDate "2021.10.06"]
[SourceQuality "1"]
[WhiteTeam "Hameln"]
[BlackTeam "Heidesheim"]
[WhiteTeamCountry "GER"]
[BlackTeamCountry "GER"]

1. e4 c6 2. d4 d5 3. e5 Bf5 4. h4 h5 5. Bd3 Bxd3 6. Qxd3 Qa5+ 7. Nd2 e6 8. Ne2 Qa6 9. c4 Ne7 10. b3 Nf5 11. Ng3 g6 12. Nxf5 gxf5 13. 0-0 Nd7 14. Qc2 Rg8 15. cxd5 cxd5 16. Nf3 Rg4 17. Bg5 Be7 18. Qd2 Bxg5 19. Nxg5 Qb6 20. Rfd1 Rxh4 21. Nf3 Rg4 22. Qh6 Ke7 23. Qxh5 Rag8 24. Nh2 Rxg2+ 25. Kh1 Qd8 26. Rd3 Qf8 27. Rc1 Qg7 28. Qh4+ Qg5 29. Qxg5+ R2xg5 30. Rh3 Rg2 31. Rf1 Nb8 32. Nf3 Nc6 33. a3 R2g4 34. Rd1 a6 35. Rh4 Rxh4+ 0-1

[Event "GER-ch Net blitz qual5"]
[Site "Playchess.com INT"]
[Date "2020.03.28"]
[Round "11"]
[White "Carow, Johannes"]
[Black "Stein, Robert"]
[Result "0-1"]
[WhiteElo "2444"]
[BlackElo "2325"]
[PlyCount "84"]
[EventDate "2020.03.28"]
[EventType "swiss (blitz)"]
[EventRounds "13"]
[EventCountry "GER"]
[SourceTitle "CBM 195 Extra"]
[Source "ChessBase"]
[SourceDate "2020.05.31"]
[SourceVersion "1"]
[SourceVersionDate "2020.05.31"]
[SourceQuality "1"]

1. d4 Nf6 2. c4 e6 3. Nc3 Bb4 4. Qc2 d5 5. cxd5 Qxd5 6. Nf3 Qf5 7. Qb3 c5 8. g3 0-0 9. Bg2 Nc6 10. dxc5 Bxc5 11. 0-0 e5 12. e3 Re8 13. e4 Qh5 14. Nd5 Nxd5 15. exd5 Nd4 16. Nxd4 Bxd4 17. Be3 Bxe3 18. Qxe3 e4 19. Rfd1 Bg4 20. Rd4 Bf3 21. d6 Rad8 22. Re1 Re6 23. d7 Qb5 24. Qd2 Bxg2 25. Kxg2 Qc6 26. Kg1 Re7 27. Rd1 Qe6 28. Rd6 Qxa2 29. Qg5 f6 30. Qb5 b6 31. Rc1 Rf7 32. Rc8 Rff8 33. Qc6 e3 34. Rxd8 Rxd8 35. Qc8 Qb1+ 36. Kg2 Qe4+ 37. f3 Qe7 38. Re6 Qxd7 39. Qxd7 Rxd7 40. Rxe3 Rd2+ 41. Kh3 Rxb2 42. Re7 a5 0-1